000 00566nam a22001815i 4500
001 54585
003 ES-MaACL
005 20250825063328.0
007 t|
008 960723s1884 fr ||||1| fre d
040 _aCAM
_bspa
_cCAM
100 1 _aFrezals, Jorge de
_952579
245 1 3 _aLa liberté linguistique en France /
_cpar G. de Frézals.
260 _aMontpellier :
_b[s.n.],
_c1884 (
_fImprimerie Centrale du Midi)
300 _a32 p. ;
_c24 cm.
852 _aES-MaACL
_jT-381-F-8
_z.- Dedicatoria manuscrita del autor
999 _c54585
_d54585